• 首页
  • 本馆介绍
  • 公告通知
  • 最新文献
  • 馆藏检索
  • 电子资源
  • 读者导购
  • 参考咨询
  • 我的图书馆
  • 登录
  • 详细信息显示
  • 放入我的书架
  • 预约/预借图书
  • 作者相关作品
  • 分类相关作品
  • 丛书相关作品
  • 出版社相关作品

书目信息

  • 表格格式
  • 工作单格式
  • 卡片格式
题名:
中日文化交流史导论
    
 
作者: 黄爱民 著
分册:  
出版信息: 北京   光明日报出版社  2014
页数: 236页
开本: 24cm
丛书名:
单 册:
中图分类: K203 , K313.03
科图分类:
主题词: 中日关系--文化交流--文化史
电子资源:
ISBN: 978-7-5112-6693-4
000 01272nam0 2200253 450
001 339480
005 20150608150417.59
010    @a978-7-5112-6693-4@dCNY46.00
100    @a20150130d2014 em y0chiy50 ea
101 0  @achi
102    @aCN@b110000
105    @ay z 000yy
106    @ar
200 1  @a中日文化交流史导论@Azhong ri wen hua jiao liu shi dao lun@d= An introduction to the history of Sino Japanese cultural exchanges@f黄爱民著@zeng
210    @a北京@c光明日报出版社@d2014
215    @a236页@d24cm
330    @a本书由四大篇章组成, 即古代篇、中世篇、近代篇、以及现代篇。每个篇章由2-6章组成。每章下设2-3个小节, 每小节叙述一件事情或一位人物, 或者多位人物。本书的重点是古代篇和中世篇两个篇章, 但也充实了近代篇和现代篇的篇幅。例如, 在近代篇中增加了“日俄战争”、“一战爆发、日本侵占山东”、“抗日战争”等;在现代篇中增加了“中日邦交正常化”、“青年洋上大学”、“日资的涌入”、“历史上第二次留日高潮”等过去不曾提及的内容, 这些恰好又是作为现代人不能回避的、应该了解的内容。
510 1  @aIntroduction to the history of Sino Japanese cultural exchanges@zeng
606 0  @a中日关系@x文化交流@x文化史
690    @aK203@v5
690    @aK313.03@v5
701  0 @a黄爱民@Ahuang ai min@f(1957)@4著
801  0 @aCN@b卓展宏图@c20150525
905    @dK203@e158@f4
    
    中日文化交流史导论= An introduction to the history of Sino Japanese cultural exchanges/黄爱民著.-北京:光明日报出版社,2014
    236页;24cm
    
    
    ISBN 978-7-5112-6693-4:CNY46.00
    本书由四大篇章组成, 即古代篇、中世篇、近代篇、以及现代篇。每个篇章由2-6章组成。每章下设2-3个小节, 每小节叙述一件事情或一位人物, 或者多位人物。本书的重点是古代篇和中世篇两个篇章, 但也充实了近代篇和现代篇的篇幅。例如, 在近代篇中增加了“日俄战争”、“一战爆发、日本侵占山东”、“抗日战争”等;在现代篇中增加了“中日邦交正常化”、“青年洋上大学”、“日资的涌入”、“历史上第二次留日高潮”等过去不曾提及的内容, 这些恰好又是作为现代人不能回避的、应该了解的内容。
●
相关链接 在E读中查询图书 在五车中查询图书 在当当中查询图书 在豆瓣中查询图书


正题名:中日文化交流史导论     索取号:K203/158         预约/预借

序号 登录号 条形码 馆藏地/架位号 状态 备注
1 858385   208583852   第二样本阅览室/ [索取号:K203/158] 在馆    
2 858386   208583861   第二借阅区/ [索取号:K203/158] 在馆    
3 858387   208583870   史法系资料室/ [索取号:K203/158] 在馆    
4 858388   208583889   第二借阅区/ [索取号:K203/158] 在馆    
唐山师范学院图书馆 欢迎您!
大连网信软件有限公司© 版权所有